000 00298nam a22001337a 4500
008 210521b ||||| |||| 00| 0 eng d
041 _aeng
080 _a574
082 _a574
100 _a9
101 _aMJE
245 _aFundamentals of Industrial Hygiene
_cOlishifski,J.B
942 _2udc
_cBK
999 _c57565
_d57565